[Event "Twin City Open"]
[Site "Bloomington, IL"]
[Date "1990.07.21"]
[EventDate "?"]
[Round "3"]
[Result "1-0"]
[White "Ron Torregrossa"]
[Black "Jesse Kraai"]
[WhiteElo "2240"]
[BlackElo "2325"]
[PlyCount "67"]

1. c4 e5 2. Nc3 Nf6 3. g3 Bb4 4. Bg2 O-O 5. Nf3 Re8 6. O-O Nc6
7. d3 Bxc3 8. bxc3 e4 9. Ng5 exd3 10. exd3 Ne5 11. Rb1 d6
12. f4 Neg4 13. Re1 c6 14. h3 Nh6 15. Bd2 Nf5 16. Kh2 Qc7
17. Rxe8+ Nxe8 18. g4 Ne7 19. Qe1 Nf6 20. Qg3 d5 21. cxd5 cxd5
22. Re1 Qd8 23. Qe3 Ng6 24. f5 Qc7+ 25. Kh1 Nf8 26. Qe7 Qd7
27. Nxf7 Qxe7 28. Rxe7 N8d7 29. Nd6 h6 30. h4 Kf8 31. Rf7+ Kg8
32. g5 Ne8 33. Bxd5 Nb6 34. Re7+ 1-0

[Event "Koltanowski Memorial"]
[Site "San Francisco"]
[Date "2000.12.14"]
[EventDate "2000.12.14"]
[Round "1"]
[Result "1/2-1/2"]
[White "Jesse Kraai"]
[Black "Jaan Ehlvest"]
[WhiteElo "2432"]
[BlackElo "2628"]
[PlyCount "64"]

1. d4 Nf6 2. c4 c5 3. d5 b5 4. cxb5 a6 5. e3 axb5 6. Bxb5 Qa5+
7. Nc3 Bb7 8. e4 Nxe4 9. Nge2 Nxc3 10. Nxc3 Ba6 11. Bd3 g6
12. O-O Bg7 13. Bg5 h6 14. Bh4 Qb4 15. Ne4 g5 16. Bg3 Qd4
17. Bxa6 Nxa6 18. Qf3 O-O 19. Rad1 Qxb2 20. d6 g4 21. Qf4 Rae8
22. dxe7 Rxe7 23. Nd6 Qb4 24. Nf5 Re6 25. Rxd7 Qxf4 26. Bxf4
Rf6 27. Ne7+ Kh7 28. g3 Nb4 29. Rc1 Ra8 30. Rxc5 Rxa2 31. Rc1
Bf8 32. Nd5 Nxd5 1/2-1/2

[Event "Czech Open"]
[Site "Pardubice CZE"]
[Date "2001.07.26"]
[EventDate "2001.07.20"]
[Round "7"]
[Result "0-1"]
[White "Erik Hedman"]
[Black "Jesse Kraai"]
[WhiteElo "2354"]
[BlackElo "2445"]
[PlyCount "74"]

1. d4 e6 2. c4 b6 3. a3 Bb7 4. Nc3 f5 5. Nf3 Nf6 6. d5 Be7
7. g3 Ne4 8. Bd2 Bf6 9. Rc1 c6 10. dxe6 dxe6 11. Bg2 c5
12. O-O Nc6 13. Nxe4 fxe4 14. Ne1 Qd4 15. Rc2 Ne5 16. Qc1 O-O
17. Bh3 Qd7 18. Ng2 Qf7 19. Bc3 Rae8 20. b4 Nc6 21. bxc5 bxc5
22. Rb2 Nd4 23. Ne3 Bc6 24. Ng4 Qh5 25. Nxf6+ gxf6 26. Bxd4
cxd4 27. Bg2 f5 28. Qd2 e5 29. Qa5 f4 30. gxf4 Kh8 31. Qc5 Rf6
32. Rfb1 e3 33. Rb8 exf2+ 34. Kxf2 Rxf4+ 35. Kg1 Bxg2
36. Rxe8+ Qxe8 37. Kxg2 Qg6+ 0-1

[Event "American Open"]
[Site "Los Angeles USA"]
[Date "2001.11.22"]
[EventDate "2001.11.22"]
[Round "1"]
[Result "1-0"]
[White "Jesse Kraai"]
[Black "Alan Kobernat"]
[WhiteElo "2442"]
[BlackElo "2112"]
[PlyCount "29"]

1. b3 d5 2. Bb2 Bg4 3. f3 Bf5 4. e3 Nd7 5. f4 Ngf6 6. Nf3 e6
7. Bd3 Ne4 8. O-O h6 9. Nd4 Bh7 10. f5 e5 11. Bxe4 dxe4
12. Ne2 Bd6 13. Nbc3 Qh4 14. Qe1 Qg4 15. h3 1-0

[Event "American Open"]
[Site "Los Angeles USA"]
[Date "2001.11.23"]
[EventDate "2001.11.22"]
[Round "3"]
[Result "1/2-1/2"]
[White "Jesse Kraai"]
[Black "Vladimir Strugatsky"]
[WhiteElo "2442"]
[BlackElo "2431"]
[PlyCount "37"]

1. b3 e5 2. Bb2 Nc6 3. c4 Nf6 4. e3 d5 5. cxd5 Nxd5 6. a3 Bd6
7. Qc2 O-O 8. Nf3 Qe7 9. d3 Kh8 10. Nbd2 f5 11. Be2 Be6
12. O-O Rae8 13. Nc4 Bd7 14. Nfd2 f4 15. Bf3 fxe3 16. Bxd5
exd2 17. Qxd2 b5 18. Nxd6 Qxd6 19. Be4 1/2-1/2

[Event "American Open"]
[Site "Los Angeles USA"]
[Date "2001.11.24"]
[EventDate "2001.11.22"]
[Round "5"]
[Result "1/2-1/2"]
[White "Jesse Kraai"]
[Black "Renard W Anderson"]
[WhiteElo "2442"]
[BlackElo "2268"]
[PlyCount "104"]

1. b3 e5 2. Bb2 Nc6 3. c4 Nf6 4. e3 d6 5. d3 g6 6. Nf3 Bg7
7. Be2 O-O 8. O-O a5 9. a3 Nd7 10. Qc2 Nc5 11. Nbd2 Ne6
12. Bc3 f5 13. b4 f4 14. Ne4 Ne7 15. d4 fxe3 16. fxe3 axb4
17. axb4 Rxa1 18. Rxa1 exd4 19. exd4 Nf5 20. Qb2 Qe7 21. Bd3
Nf4 22. Qd2 Bh6 23. Kh1 Nd5 24. Qe1 Nxc3 25. Nxc3 Qf7 26. Ne4
Ne3 27. Qg3 Bf4 28. Qh4 Qg7 29. Re1 Bh6 30. Neg5 Ng4 31. Ne6
Bxe6 32. Rxe6 Ne3 33. h3 Nf5 34. Bxf5 Rxf5 35. Re7 Rf7
36. Rxf7 Kxf7 37. Qd8 Ke6 38. Qc8+ Qd7 39. Qg8+ Qf7 40. Qc8+
Kf6 41. d5 b5 42. cxb5 Be3 43. Qh8+ Ke7 44. Qc3 Bb6 45. Qe1+
Kd7 46. Ng5 Qxd5 47. Nxh7 Qf5 48. Qa1 g5 49. Nf6+ Ke6 50. Ng4
Qxb5 51. Qe1+ Kd7 52. Kh2 Qf5 1/2-1/2

[Event "American Open"]
[Site "Los Angeles USA"]
[Date "2001.11.24"]
[EventDate "2001.11.22"]
[Round "6"]
[Result "0-1"]
[White "Jesse Kraai"]
[Black "Steve L Ramos"]
[WhiteElo "2442"]
[BlackElo "2244"]
[PlyCount "74"]

1. e4 e6 2. d3 d5 3. Nd2 Nf6 4. Ngf3 Nc6 5. c3 a5 6. e5 Nd7
7. d4 f6 8. Bb5 Be7 9. O-O O-O 10. Re1 fxe5 11. dxe5 Nb6
12. Nf1 Bd7 13. Bxc6 bxc6 14. Ng3 c5 15. Nd2 c4 16. Qg4 Qe8
17. Nf3 Na4 18. Nh5 Qg6 19. Qxg6 hxg6 20. Nf4 Kh7 21. Ne2 Rab8
22. b3 cxb3 23. axb3 Rxb3 24. Ned4 Rb6 25. Bg5 Re8 26. Be3 Kg8
27. Ng5 Bc5 28. h4 Bxd4 29. cxd4 Ra8 30. Bd2 Rba6 31. Rec1
R8a7 32. Ra3 Nb6 33. Rf3 Nc4 34. Be1 Rb7 35. Rf7 c5 36. dxc5
Nxe5 37. Rxd7 Rxd7 0-1

[Event "American Open"]
[Site "Los Angeles USA"]
[Date "2001.11.25"]
[EventDate "2001.11.22"]
[Round "7"]
[Result "1-0"]
[White "Jesse Kraai"]
[Black "Robby Adamson"]
[WhiteElo "2442"]
[BlackElo "2312"]
[PlyCount "69"]

1. b3 e5 2. Bb2 Nc6 3. c4 g6 4. g3 Bg7 5. Bg2 d6 6. Nc3 h5
7. h4 Nh6 8. Nf3 O-O 9. O-O Bg4 10. Nd5 Qd7 11. d3 Rae8
12. Qd2 f5 13. Ng5 f4 14. f3 fxg3 15. fxg4 Qxg4 16. e4 Qxh4
17. Nf3 Qg4 18. Qe2 h4 19. Ne3 Qh5 20. Bh3 Re7 21. Kg2 g5
22. Nd4 Qxe2+ 23. Nxe2 Nb4 24. Rxf8+ Bxf8 25. Rd1 Rg7 26. Be6+
Kh8 27. d4 Nc6 28. dxe5 dxe5 29. Bd5 Re7 30. Rf1 Bg7 31. Nf5
Nxf5 32. Rxf5 Bh6 33. Bxc6 bxc6 34. Rxe5 Bg7 35. Rxe7 1-0

[Event "2004 World Open"]
[Site "Philapdelphia, PA"]
[Date "2004.07.05"]
[EventDate "2004.??.??"]
[Round "8"]
[Result "1/2-1/2"]
[White "Daniel Fernandez"]
[Black "Jesse Kraai"]
[WhiteElo "2361"]
[BlackElo "2497"]
[PlyCount "20"]

1. e4 e6 2. d4 d5 3. e5 c5 4. c3 Nc6 5. Nf3 Nh6 6. Bd3 cxd4
7. cxd4 Nf5 8. Bxf5 exf5 9. Nc3 Be6 10. h4 h6 1/2-1/2

[Event "Mindsports"]
[Site "Beijing CHN"]
[Date "2008.10.04"]
[EventDate "2008.10.04"]
[Round "3"]
[Result "1-0"]
[White "Jesse Kraai"]
[Black "Zhong Zhang"]
[WhiteElo "2502"]
[BlackElo "2649"]
[PlyCount "133"]

1. Nf3 Nf6 2. c4 e6 3. g3 d5 4. d4 Bb4+ 5. Nbd2 dxc4 6. Bg2
O-O 7. O-O Bd7 8. Nxc4 Bc6 9. Nce5 Bd5 10. a3 Be7 11. Bg5 h6
12. Bxf6 Bxf6 13. Qc2 Bxe5 14. dxe5 Bxf3 15. Bxf3 c6 16. Rfd1
Qc7 17. Rd6 Nd7 18. Qc3 Rfe8 19. Rad1 Re7 20. Qd4 Nf8 21. Bg2
Qb6 22. Qc3 a5 23. h4 a4 24. h5 Ree8 25. e3 Ra5 26. f4 Rb5
27. R1d2 Rb3 28. Qd4 Qxd4 29. R6xd4 Rxe3 30. Kf2 Rb3 31. Rxa4
g6 32. hxg6 Nxg6 33. Rad4 h5 34. Be4 h4 35. R4d3 hxg3+
36. Kxg3 Rxd3+ 37. Rxd3 Kf8 38. Bxg6 fxg6 39. Kg4 Ke7 40. Kg5
Rh8 41. Kxg6 Rg8+ 42. Kh5 Rg2 43. Rb3 b5 44. Rb4 Kd7 45. Rd4+
Ke7 46. Rd6 Rxb2 47. Rxc6 Kd7 48. Rd6+ Ke7 49. Rb6 Rb3
50. Rb7+ Kf8 51. Kg6 Rf3 52. Rxb5 Rxf4 53. Rb6 Ke7 54. Rb7+
Ke8 55. a4 Rxa4 56. Kf6 Ra6 57. Rb8+ Kd7 58. Rh8 Ra5 59. Rh7+
Ke8 60. Rb7 Ra6 61. Re7+ Kf8 62. Rxe6 Ra2 63. Rb6 Ke8 64. Rb8+
Kd7 65. e6+ Kd6 66. Rd8+ Kc7 67. e7 1-0

[Event "Mindsports"]
[Site "Beijing CHN"]
[Date "2008.10.04"]
[EventDate "2008.10.04"]
[Round "5"]
[Result "0-1"]
[White "Jesse Kraai"]
[Black "Hristos Banikas"]
[WhiteElo "2502"]
[BlackElo "2572"]
[PlyCount "100"]

1. Nf3 c5 2. c4 Nc6 3. Nc3 g6 4. e3 Bg7 5. d4 d6 6. d5 Na5
7. h3 a6 8. a4 Nf6 9. Bd3 e6 10. e4 exd5 11. exd5 Qe7+ 12. Be3
Bh6 13. O-O Bxe3 14. fxe3 O-O 15. e4 Nd7 16. Kh1 Ne5 17. Nxe5
Qxe5 18. Qc2 Bd7 19. Rf3 Rae8 20. Raf1 f6 21. b3 b6 22. Ne2
Kg7 23. R3f2 Nb7 24. Ng1 Nd8 25. Nf3 Qe7 26. Qd2 Nf7 27. a5 b5
28. b4 bxc4 29. Bxc4 Qxe4 30. Bxa6 Qxb4 31. Qxb4 cxb4 32. Bb7
Nd8 33. Ba8 Nf7 34. Bb7 Bc8 35. Bxc8 Rxc8 36. Nd4 Nd8 37. a6
Ra8 38. Ra1 Rf7 39. Nb5 Rd7 40. Rb2 Nf7 41. Rxb4 Ne5 42. a7
Rb7 43. Ra6 Nd3 44. Rb1 Nc5 45. Raa1 Rb6 46. Kg1 f5 47. Kf2
Kf6 48. Nxd6 Rxb1 49. Rxb1 Rxa7 50. Rc1 Nd3+ 0-1

[Event "Mindsports"]
[Site "Beijing CHN"]
[Date "2008.10.04"]
[EventDate "2008.10.04"]
[Round "6"]
[Result "1-0"]
[White "Csaba Balogh"]
[Black "Jesse Kraai"]
[WhiteElo "2616"]
[BlackElo "2502"]
[PlyCount "111"]

1. e4 e6 2. d4 d5 3. Nd2 Nf6 4. Bd3 c5 5. e5 Nfd7 6. c3 Nc6
7. Ne2 cxd4 8. cxd4 f6 9. exf6 Nxf6 10. Nf3 Bd6 11. O-O Qc7
12. Bd2 O-O 13. Ng3 Bd7 14. Re1 Rae8 15. Rc1 Qb6 16. Bc3 Re7
17. a3 Be8 18. Rc2 Nh5 19. Ng5 Bxg3 20. Bxh7+ Kh8 21. hxg3 g6
22. Nxe6 Rxe6 23. Rxe6 Kxh7 24. Qg4 Bf7 25. Re3 Qc7 26. Rce2
Qc8 27. Qg5 Qf5 28. Qh4 g5 29. Qh3 Qxh3 30. gxh3 Nf6 31. f3
Kg6 32. Kg2 Ng8 33. Re1 Nh6 34. g4 Ng8 35. Kg3 Kf6 36. h4
gxh4+ 37. Kxh4 Nb8 38. f4 Nd7 39. Bb4 Rc8 40. f5 Rc2 41. R3e2
Rc4 42. Bc3 Nb6 43. Kg3 Na4 44. Re3 Rxc3 45. bxc3 Kg7 46. Kf4
Bg6 47. fxg6 Kxg6 48. Ke5 Nf6 49. Rg3 Kf7 50. Rf3 b6 51. Rb1
Ke7 52. Kf5 a5 53. Rg1 Kf7 54. Ke5 Ke7 55. Rxf6 Kd7 56. Rxb6
1-0

[Event "Mindsports"]
[Site "Beijing CHN"]
[Date "2008.10.04"]
[EventDate "2008.10.04"]
[Round "8"]
[Result "1-0"]
[White "A Hilario Ta Fier"]
[Black "Jesse Kraai"]
[WhiteElo "2581"]
[BlackElo "2502"]
[PlyCount "87"]

1. e4 e6 2. d4 d5 3. Nc3 Nf6 4. Bg5 dxe4 5. Nxe4 Be7 6. Bxf6
Bxf6 7. Nf3 O-O 8. Bd3 b6 9. c3 Bb7 10. h4 Nd7 11. Bc2 Be7
12. Qd3 Bxe4 13. Qxe4 Nf6 14. Qd3 c5 15. Ng5 h6 16. Ne4 Re8
17. Nxf6+ Bxf6 18. Qh7+ Kf8 19. dxc5 bxc5 20. Ba4 Qb6 21. Bxe8
Rxe8 22. O-O Rb8 23. Rad1 Ke7 24. Rd2 Qc6 25. Rfd1 a5 26. g3
a4 27. Rd7+ Qxd7 28. Rxd7+ Kxd7 29. Qc2 Ra8 30. Qd3+ Kc7
31. Qb5 Be7 32. a3 Bd6 33. Kg2 h5 34. Qe2 g6 35. Qf3 Rf8
36. Qe4 Rb8 37. Qxa4 Rxb2 38. Qa5+ Kd7 39. Qa7+ Ke8 40. a4 c4
41. Qa6 Bc7 42. a5 Ke7 43. Qxc4 Bxa5 44. Qc5+ 1-0

[Event "Mindsports"]
[Site "Beijing CHN"]
[Date "2008.10.04"]
[EventDate "2008.10.04"]
[Round "10"]
[Result "1-0"]
[White "Jesse Kraai"]
[Black "Gaby Livshits"]
[WhiteElo "2502"]
[BlackElo "2427"]
[PlyCount "123"]

1. Nf3 Nf6 2. c4 g6 3. Nc3 d5 4. cxd5 Nxd5 5. e4 Nxc3 6. dxc3
Qxd1+ 7. Kxd1 Bg7 8. Bf4 c6 9. Kc2 O-O 10. Be2 Nd7 11. Nd2 Nc5
12. Be3 Ne6 13. f3 b6 14. a4 Bb7 15. a5 c5 16. Ra3 Rac8
17. axb6 axb6 18. Ra7 Rc7 19. Rha1 Nd4+ 20. Kd1 Nc6 21. R7a3
Rd8 22. Bb5 Rcd7 23. Ke2 Rd6 24. Nc4 Re6 25. Rd1 Rxd1 26. Kxd1
f5 27. exf5 gxf5 28. Bf4 Rg6 29. g3 e5 30. Bd2 Ne7 31. Ke2 f4
32. Ra7 fxg3 33. hxg3 Bc6 34. Bxc6 Nxc6 35. Rc7 b5 36. Ne3 Bf8
37. g4 Nd8 38. Nf5 Rc6 39. Ne7+ Bxe7 40. Rxe7 Re6 41. Rd7 Nc6
42. Be3 c4 43. Rb7 b4 44. cxb4 Nd4+ 45. Kf2 Rf6 46. f4 Ne6
47. f5 Nf4 48. Bxf4 exf4 49. Kf3 h5 50. Kxf4 hxg4 51. Kxg4 Rd6
52. Kg5 Rd2 53. Rc7 Rc2 54. Kg6 Rg2+ 55. Kf6 Rc2 56. Rc8+ Kh7
57. Ke6 Re2+ 58. Kf7 Rc2 59. f6 Rc1 60. b5 Rc2 61. b6 Rxb2
62. Rxc4 1-0

[Event "Mindsports"]
[Site "Beijing CHN"]
[Date "2008.10.04"]
[EventDate "2008.10.04"]
[Round "11"]
[Result "1-0"]
[White "Valeriy Aveskulov"]
[Black "Jesse Kraai"]
[WhiteElo "2544"]
[BlackElo "2502"]
[PlyCount "128"]

1. e4 e6 2. d4 d5 3. Nc3 Nf6 4. e5 Nfd7 5. f4 c5 6. Nf3 Nc6
7. Be3 a6 8. Qd2 b5 9. a3 Qa5 10. Ra2 Qc7 11. dxc5 Bxc5
12. Ne2 O-O 13. Ned4 Bb7 14. Bd3 Rac8 15. O-O Rfd8 16. Qf2
Nxd4 17. Bxd4 Bxd4 18. Nxd4 Nc5 19. Raa1 Ne4 20. Qe3 Qb6
21. c3 Bc6 22. Rae1 Bb7 23. Kh1 Qc7 24. Qh3 Rf8 25. Re2 Rce8
26. Qe3 f6 27. exf6 Rxf6 28. Bxe4 dxe4 29. Ref2 Bd5 30. h3
Ref8 31. g3 Bc4 32. Re1 e5 33. Ne2 Bxe2 34. Rexe2 exf4
35. Rxf4 Rxf4 36. gxf4 Rxf4 37. Qd4 h6 38. Qd5+ Kh7 39. Rxe4
Rf2 40. Re5 Qc4 41. Qxc4 bxc4 42. Re4 Rxb2 43. Rxc4 Rb3 44. a4
Ra3 45. Kg2 a5 46. Kf3 Kg6 47. Kg4 h5+ 48. Kf4 Kh6 49. h4 Ra1
50. Rd4 Rc1 51. Rc4 Ra1 52. Re4 Ra3 53. Rc4 Ra1 54. Kf3 g5
55. Rc6+ Kg7 56. hxg5 Rxa4 57. c4 Rb4 58. Kf4 a4 59. Kf5 a3
60. Rc7+ Kf8 61. c5 a2 62. Ra7 Rc4 63. Kf6 Ke8 64. g6 Rf4+ 1-0

[Event "Mindsports"]
[Site "Beijing CHN"]
[Date "2008.10.05"]
[EventDate "2008.10.05"]
[Round "3"]
[Result "1-0"]
[White "Ngoc Truongson Nguyen"]
[Black "Jesse Kraai"]
[WhiteElo "2567"]
[BlackElo "2502"]
[PlyCount "77"]

1. Nf3 b6 2. c4 Bb7 3. Nc3 c5 4. g3 Bxf3 5. exf3 Nc6 6. Bg2 g6
7. O-O Bg7 8. f4 Nh6 9. a3 O-O 10. b4 Rc8 11. Rb1 Nf5 12. Ne4
Ncd4 13. d3 e6 14. bxc5 bxc5 15. Bd2 d5 16. Nc3 dxc4 17. dxc4
Nd6 18. Qa4 Qe8 19. Qa6 Qd7 20. Kh1 Nc6 21. Qa4 Nb8 22. Rfc1
Rfd8 23. Be1 Bxc3 24. Qxd7 Nxd7 25. Bxc3 Nxc4 26. Rb7 Nxa3
27. Ra1 Nb6 28. Bf1 Nbc4 29. Rb3 Nc2 30. Rc1 Nd2 31. Bxd2 Rxd2
32. Rb2 c4 33. Rbxc2 Rxc2 34. Rxc2 c3 35. Kg2 Kf8 36. Kf3 Ke7
37. Ke3 Kd6 38. Kd4 Rb8 39. Ke4 1-0

[Event "Mindsports"]
[Site "Beijing CHN"]
[Date "2008.10.07"]
[EventDate "2008.10.05"]
[Round "8"]
[Result "1-0"]
[White "Gaby Livshits"]
[Black "Jesse Kraai"]
[WhiteElo "2427"]
[BlackElo "2502"]
[PlyCount "111"]

1. e4 e6 2. d3 d5 3. Nd2 Nf6 4. Ngf3 Nc6 5. c3 a5 6. Be2 Be7
7. O-O O-O 8. Qc2 b6 9. Re1 Ba6 10. Nf1 Re8 11. Ng3 Bf8 12. e5
Nd7 13. Bf1 f6 14. exf6 Qxf6 15. Bg5 Qf7 16. Qa4 b5 17. Qg4 b4
18. c4 Bd6 19. cxd5 exd5 20. d4 Bxf1 21. Nxf1 Nf8 22. Rac1
Rxe1 23. Rxe1 Re8 24. Rxe8 Qxe8 25. Ne3 Qe4 26. Qxe4 dxe4
27. Nd2 h6 28. d5 Ne5 29. Bf4 Nfg6 30. Bxe5 Bxe5 31. b3 Ne7
32. Nxe4 Bd4 33. d6 cxd6 34. Nxd6 Bxe3 35. fxe3 Nd5 36. Nc4
Nc3 37. Nxa5 Nxa2 38. Kf2 Kf7 39. Kf3 Ke6 40. Ke4 Nc1 41. Kd4
g5 42. g4 Ne2+ 43. Kd3 Ng1 44. Ke4 Ne2 45. Nc6 Nc1 46. Nd4+
Kf6 47. Kd5 Nd3 48. e4 Nf4+ 49. Kd6 Nd3 50. Nc6 Kf7 51. e5 Ke8
52. e6 Nf2 53. Nxb4 Ne4+ 54. Ke5 Nc5 55. Nd5 Nxb3 56. Ke4 1-0

[Event "Mindsports"]
[Site "Beijing CHN"]
[Date "2008.10.13"]
[EventDate "2008.10.13"]
[Round "1"]
[Result "1/2-1/2"]
[White "N Tovsanaa"]
[Black "Jesse Kraai"]
[WhiteElo "2301"]
[BlackElo "2502"]
[PlyCount "120"]

1. d4 Nf6 2. c4 c5 3. d5 b5 4. cxb5 a6 5. Nc3 g6 6. e4 d6
7. Nf3 Bg7 8. b6 O-O 9. Be2 Nbd7 10. O-O Nxb6 11. h3 e6
12. dxe6 Bxe6 13. Bf4 d5 14. exd5 Nfxd5 15. Bg5 Qc7 16. Nxd5
Nxd5 17. Qd2 Rab8 18. Rab1 c4 19. Nd4 c3 20. bxc3 Rxb1
21. Rxb1 Nxc3 22. Nxe6 fxe6 23. Rc1 Qe5 24. Be3 Nd5 25. Bc5
Nf4 26. Bf3 Qg5 27. Kf1 Rd8 28. Qe3 Qf5 29. Bg4 Qd3+ 30. Qxd3
Nxd3 31. Bxe6+ Kh8 32. Rc2 Nxc5 33. Rxc5 Bf6 34. Rc8 Rxc8
35. Bxc8 Kg7 36. Bxa6 Bd4 37. Ke2 Kf6 38. f4 h5 39. Kf3 Ba7
40. Ke4 h4 41. Kf3 Bb8 42. Kg4 Bc7 43. Bd3 Bb8 44. a4 Bc7
45. Bc2 Kg7 46. Kg5 Bd8+ 47. Kg4 Bc7 48. Bd3 Kf6 49. Kf3 Ba5
50. Ke4 Bc7 51. Bc2 Ke6 52. Kd4 Bxf4 53. Bxg6 Kd6 54. Kc4 Kc7
55. Be4 Kb6 56. Bc2 Bg3 57. Kd5 Ka7 58. Kc6 Ka6 59. Kc5 Ka5
60. Kc4 Ka6 1/2-1/2

[Event "Mindsports"]
[Site "Beijing CHN"]
[Date "2008.10.13"]
[EventDate "2008.10.13"]
[Round "2"]
[Result "1-0"]
[White "Jesse Kraai"]
[Black "Rafael Espinosa-Flores"]
[WhiteElo "2502"]
[BlackElo "2412"]
[PlyCount "111"]

1. Nf3 c5 2. c4 Nc6 3. Nc3 g6 4. e3 Bg7 5. d4 cxd4 6. exd4 d6
7. d5 Ne5 8. Nxe5 Bxe5 9. Bd3 Bg7 10. O-O Nf6 11. Re1 O-O
12. Bg5 h6 13. Bh4 Re8 14. Qd2 g5 15. Bg3 Nh5 16. Re2 Bg4
17. f3 Nxg3 18. hxg3 Bd7 19. Rae1 Qb6+ 20. Kh2 Kf8 21. f4 g4
22. f5 h5 23. Qg5 Qd4 24. Rxe7 Qf6 25. Rxe8+ Rxe8 26. Rxe8+
Bxe8 27. Qxh5 Qd4 28. Be2 Be5 29. Qxg4 Qe3 30. Ne4 f6 31. Qf3
Qh6+ 32. Kg1 Qc1+ 33. Bf1 Bd4+ 34. Nf2 Qxb2 35. a3 Bh5 36. g4
Bxg4 37. Qxg4 Qxf2+ 38. Kh2 Qg1+ 39. Kh3 Qh1+ 40. Kg3 Qxf1
41. Qxd4 Qe1+ 42. Kh2 Ke7 43. c5 Qe5+ 44. Qxe5+ dxe5 45. Kg3
b5 46. cxb6 axb6 47. Kf3 Kd6 48. Ke4 Kc5 49. a4 Kd6 50. g4 Kc5
51. g5 fxg5 52. Kxe5 g4 53. f6 g3 54. f7 g2 55. f8=Q+ Kc4
56. Qg7 1-0

[Event "Mindsports"]
[Site "Beijing CHN"]
[Date "2008.10.13"]
[EventDate "2008.10.13"]
[Round "3"]
[Result "1-0"]
[White "Jesse Kraai"]
[Black "Julio Catalino Sadorra"]
[WhiteElo "2502"]
[BlackElo "2431"]
[PlyCount "96"]

1. Nf3 d5 2. d4 Nf6 3. c4 e6 4. g3 c5 5. Bg2 Be7 6. O-O O-O
7. dxc5 Bxc5 8. Qc2 Be7 9. Rd1 Nc6 10. Nc3 Bd7 11. Bf4 Rc8
12. cxd5 exd5 13. Qd3 Nb4 14. Qd2 Be6 15. Nd4 Nc6 16. Rac1 Qd7
17. Nxe6 fxe6 18. Bg5 Ng4 19. Bxe7 Qxe7 20. Rf1 Nce5 21. h3
Nc4 22. Qd4 Nge5 23. b3 Nc6 24. Nxd5 exd5 25. Qxd5+ Kh8
26. Qxc4 Qa3 27. Qa4 Qb2 28. e3 Rxf2 29. Rxf2 Qxc1+ 30. Kh2
Qxe3 31. Qf4 Qe7 32. Bxc6 bxc6 33. Qf7 Qc5 34. Re2 h6 35. Qg6
Rf8 36. Qe4 a5 37. Rc2 Rf2+ 38. Rxf2 Qxf2+ 39. Qg2 Qc5 40. Qd2
Kh7 41. Kg2 Kh8 42. h4 Kg8 43. Qd3 Kf7 44. Kf3 Ke7 45. Ke4 Ke6
46. Qc4+ Qxc4+ 47. bxc4 c5 48. h5 g6 1-0

[Event "Mindsports"]
[Site "Beijing CHN"]
[Date "2008.10.13"]
[EventDate "2008.10.13"]
[Round "4"]
[Result "0-1"]
[White "Olav Sepp"]
[Black "Jesse Kraai"]
[WhiteElo "2448"]
[BlackElo "2502"]
[PlyCount "36"]

1. e4 e6 2. d3 d5 3. Nd2 Nf6 4. Ngf3 Nc6 5. g3 dxe4 6. dxe4
Bc5 7. Bg2 O-O 8. O-O e5 9. c3 a5 10. a4 b6 11. Re1 Ba6 12. h3
Qe7 13. Bf1 Bxf1 14. Kxf1 Rad8 15. Qb3 Nd7 16. Nh4 g6 17. Ndf3
Bxf2 18. Kxf2 Nc5 0-1

[Event "Mindsports"]
[Site "Beijing CHN"]
[Date "2008.10.13"]
[EventDate "2008.10.13"]
[Round "5"]
[Result "1-0"]
[White "Jesse Kraai"]
[Black "Goh Weiming"]
[WhiteElo "2502"]
[BlackElo "2420"]
[PlyCount "51"]

1. Nf3 d5 2. d4 c6 3. c4 e6 4. g3 dxc4 5. Bg2 b5 6. O-O Nd7
7. a4 Bb7 8. b3 cxb3 9. Qxb3 a6 10. Nc3 Ngf6 11. Rd1 Qb6
12. Ne5 b4 13. Nxd7 Nxd7 14. Ne4 c5 15. Be3 Rc8 16. a5 Qb5
17. dxc5 Nxc5 18. Nxc5 Bxc5 19. Bxc5 Rxc5 20. Ra4 Bd5 21. Rxd5
exd5 22. Rxb4 Rc1+ 23. Bf1 Qxe2 24. Rb8+ Ke7 25. Qb4+ Ke6
26. Rb6+ 1-0

[Event "Mindsports"]
[Site "Beijing CHN"]
[Date "2008.10.13"]
[EventDate "2008.10.13"]
[Round "6"]
[Result "1-0"]
[White "Elshan Moradiabadi"]
[Black "Jesse Kraai"]
[WhiteElo "2499"]
[BlackElo "2502"]
[PlyCount "103"]

1. d4 Nf6 2. Nf3 e6 3. Bg5 c5 4. c3 Be7 5. e3 b6 6. Nbd2 Bb7
7. Bd3 Nc6 8. O-O h6 9. Bxf6 Bxf6 10. Qe2 O-O 11. Ba6 Qc8
12. Bxb7 Qxb7 13. Rfd1 Rac8 14. dxc5 bxc5 15. Nc4 Be7 16. e4
Rfd8 17. Rd2 d6 18. Rad1 Qa6 19. g3 Rc7 20. b3 Rcd7 21. Kf1
Bf8 22. Ne3 Qb7 23. Nc4 d5 24. Nfe5 Nxe5 25. Nxe5 Rd6 26. exd5
exd5 27. Qf3 Rf6 28. Qg2 Rfd6 29. Kg1 Qa6 30. h4 d4 31. cxd4
cxd4 32. Qf3 Rf6 33. Qg4 Bc5 34. Nd7 Rxd7 35. Qxd7 g6 36. Qd5
Bb6 37. Qe5 Kg7 38. Rd3 Qxa2 39. Rf3 Bd8 40. Qxd4 Be7 41. Rxf6
Bxf6 42. Qd3 a5 43. Re1 h5 44. Re4 Qa3 45. Kg2 Qc5 46. Qc4 Qb6
47. Qd5 Qc7 48. Rc4 Qb6 49. Rc5 Be7 50. Rxa5 Bf6 51. Rb5 Qc7
52. Rb7 1-0

[Event "Mindsports"]
[Site "Beijing CHN"]
[Date "2008.10.13"]
[EventDate "2008.10.13"]
[Round "7"]
[Result "0-1"]
[White "Stefan Kristjansson"]
[Black "Jesse Kraai"]
[WhiteElo "2474"]
[BlackElo "2502"]
[PlyCount "56"]

1. e4 e6 2. d4 d5 3. Nc3 Nf6 4. Bg5 dxe4 5. Nxe4 Be7 6. Bxf6
Bxf6 7. Nf3 O-O 8. Qd2 b6 9. Bd3 Bb7 10. O-O-O Nd7 11. h4 Be7
12. Kb1 c5 13. dxc5 Nxc5 14. Nxc5 bxc5 15. Qe2 Bxf3 16. Qxf3
Qb6 17. Qe4 g6 18. Qf4 Qb8 19. Qxb8 Raxb8 20. h5 Bf6 21. b3 a5
22. hxg6 hxg6 23. Be4 Rb4 24. Bc6 Rc8 25. Bd7 Rc7 26. a3 Rf4
27. f3 c4 28. b4 axb4 0-1

[Event "Mindsports"]
[Site "Beijing CHN"]
[Date "2008.10.13"]
[EventDate "2008.10.13"]
[Round "8"]
[Result "1/2-1/2"]
[White "R Burstein"]
[Black "Jesse Kraai"]
[WhiteElo "2331"]
[BlackElo "2502"]
[PlyCount "30"]

1. c4 b6 2. Nf3 Bb7 3. g3 Bxf3 4. exf3 c5 5. f4 Nc6 6. Bg2 g6
7. Nc3 Bg7 8. O-O Nh6 9. Rb1 O-O 10. a3 Nf5 11. b4 Rc8
12. bxc5 bxc5 13. Qa4 Nfd4 14. d3 Na5 15. Nb5 Rb8 1/2-1/2

[Event "Mindsports"]
[Site "Beijing CHN"]
[Date "2008.10.13"]
[EventDate "2008.10.13"]
[Round "10"]
[Result "1-0"]
[White "Andre Diamant"]
[Black "Jesse Kraai"]
[WhiteElo "2412"]
[BlackElo "2502"]
[PlyCount "39"]

1. e4 e6 2. d4 d5 3. Nd2 Nf6 4. e5 Nfd7 5. Ngf3 c5 6. c3 Nc6
7. Bd3 cxd4 8. cxd4 f6 9. exf6 Nxf6 10. O-O Bd6 11. b3 O-O
12. Bb2 Nh5 13. g3 Bd7 14. Ne5 Be8 15. Re1 Qf6 16. Qg4 g5
17. Qxg5+ Ng7 18. Kg2 Bc5 19. Kg1 Qxe5 20. dxe5 1-0

[Event "Mindsports"]
[Site "Beijing CHN"]
[Date "2008.10.14"]
[EventDate "2008.10.14"]
[Round "1"]
[Result "1-0"]
[White "Jesse Kraai"]
[Black "Povilas Tvarijonas"]
[WhiteElo "2502"]
[BlackElo "2310"]
[PlyCount "177"]

1. Nf3 c5 2. c4 Nc6 3. Nc3 g6 4. e3 Bg7 5. d4 cxd4 6. exd4 d6
7. d5 Ne5 8. Nxe5 Bxe5 9. Bd3 Nf6 10. O-O O-O 11. Bg5 Qb6
12. Qd2 Re8 13. Rae1 Bd7 14. Kh1 Rac8 15. f4 Bd4 16. f5 Ng4
17. Qf4 Nf2+ 18. Rxf2 Bxf2 19. Rf1 Qd4 20. Qf3 Bh4 21. Ne2
Qxd3 22. Qxd3 Bxg5 23. Nd4 Bf6 24. b3 a6 25. fxg6 hxg6 26. a4
Kg7 27. a5 Rh8 28. Nf3 Rh5 29. Qe3 Rc5 30. Qd2 Bf5 31. h3 Rc8
32. Kg1 Be4 33. Qe3 Bxf3 34. Rxf3 Re5 35. Qd3 Rh8 36. Re3 Rg5
37. g4 Be5 38. Kf1 f5 39. gxf5 Rxf5+ 40. Ke2 Rhf8 41. Kd1 Rf1+
42. Kc2 R8f2+ 43. Re2 Rf3 44. Re3 R1f2+ 45. Kd1 Rf4 46. Ke1
Ra2 47. Re2 Ra1+ 48. Kd2 Rd4 49. Qxd4 Bxd4 50. Rxe7+ Kh6
51. Rxb7 Rxa5 52. Kd3 Bc5 53. b4 Ra3+ 54. Ke4 Re3+ 55. Kf4 g5+
56. Kf5 Re5+ 57. Kf6 Bd4 58. Kf7 Re1 59. Rd7 Be5 60. c5 Rf1+
61. Ke6 Rf6+ 62. Ke7 Kg6 63. c6 Rf1 64. Rd8 Bf6+ 65. Kd7 Bxd8
66. Kxd8 Rh1 67. c7 Rxh3 68. Ke7 Rh8 69. Kxd6 g4 70. Kc6 g3
71. d6 g2 72. d7 g1=Q 73. d8=Q Qg2+ 74. Kb6 Qf2+ 75. Kxa6 Qa2+
76. Kb6 Qf2+ 77. Kb7 Qf3+ 78. Kb8 Qf6 79. Qxh8 Qxh8+ 80. c8=Q
Qd4 81. Qc5 Qd8+ 82. Kb7 Qd7+ 83. Ka6 Qa4+ 84. Kb7 Qd7+
85. Ka6 Kf6 86. b5 Ke6 87. Qc6+ Ke7 88. Qxd7+ Kxd7 89. Ka7 1-0